| 000 | 01090cam a2200313 a 4500 | ||
|---|---|---|---|
| 001 | 411238 | ||
| 003 | ARRUPE | ||
| 005 | 20160920112942.0 | ||
| 008 | 811203s1981 nyua b 000 0 eng | ||
| 010 | _a 80052188 | ||
| 020 |
_a0533047501 : _c$14.95 |
||
| 040 |
_aDLC _cDLC _dDLC |
||
| 043 | _af-rh--- | ||
| 050 | 0 | 0 |
_aDT962.42 _b.M85 |
| 082 | 0 | 0 |
_a968.91/04 _219 |
| 100 | 1 |
_aMungazi, Dickson A. _925944 |
|
| 245 | 1 | 4 |
_aThe cross between Rhodesia and Zimbabwe : _bracial conflict in Rhodesia, 1962-1979 / _cby Dickson A. Mungazi. |
| 250 | _a1st ed. | ||
| 260 |
_aNew York : _bVantage Press, _cc1981. |
||
| 300 |
_axiii, 338 p. : _bill. ; _c24 cm. |
||
| 504 | _aBibliography: p. 337-338. | ||
| 650 | 0 |
_aBlacks _zZimbabwe _xPolitics and government. _925945 |
|
| 651 | 0 |
_aZimbabwe _xRace relations. _98885 |
|
| 651 | 0 |
_aZimbabwe _xPolitics and government _y1965-1979. _925946 |
|
| 651 | 0 |
_aZimbabwe _xPolitics and government _y1979-1980. _9455 |
|
| 651 | 0 |
_aZimbabwe _xForeign relations _y1965-1980. _925947 |
|
| 906 |
_a7 _bcbc _corignew _d2 _eocip _f19 _gy-gencatlg |
||
| 942 |
_2lcc _cMONOGRAPH |
||
| 999 |
_c125282 _d125282 |
||